000 00619nam a2200241Ia 4500
001 Z_5775
003 CHAP
005 20220920184540.0
008 220113s1964 xx 000 0 und d
010 _a168971
040 _cCHAP
082 _a633.15 D5 1964
100 _aDíaz del Pino, Alfonso
_933447
245 _aEl maíz : cultivo,fertilización y cosecha /
_cAlfonso Díaz del Pino
260 _aMéxico, D.F. :
_bTrucco,
_c1964
300 _a393 p.
650 _aMaíz
_xMéxico
_9143313
901 _a633.15 D5 1964
902 _aA
910 _a1964
942 _cLIBRO
_2ddc
942 _cLIBRO
_2ddc
999 _c168971
_d168971